The Japanese challenge to U. S. industry

Uloženo v:
Podrobná bibliografie
Hlavní autor: Baranson, Jack
Médium: Kniha
Jazyk:Undetermined
Vydáno: Canada Lexington Books 1981
Témata:
Tagy: Přidat tag
Žádné tagy, Buďte první, kdo otaguje tento záznam!
Thư viện lưu trữ: Trung tâm Học liệu Trường Đại học Cần Thơ
LEADER 00485nam a2200181Ia 4500
001 CTU_79422
008 210402s9999 xx 000 0 und d
082 |a 338.0952 
082 |b B225 
100 |a Baranson, Jack 
245 4 |a The Japanese challenge to U. S. industry 
245 0 |c Jack Baranson 
260 |a Canada 
260 |b Lexington Books 
260 |c 1981 
650 |a Commerce 
650 |z Japan,United States 
980 |a Trung tâm Học liệu Trường Đại học Cần Thơ